Honkai Impact 3rd Battlesuits - Statistics

General Stats
  • This quiz has been taken 165 times
    132 since last reset
  • The average score is 24 of 95
Answer Stats
Hint Answer % Correct
Herrscher of Thunder
97%
Herrscher of Finality
84%
Herrscher of Human: Ego
78%
Herrscher of Reason
75%
Herrscher of the Void
72%
Kiana Kaslana White Comet
72%
Herrscher of Truth
69%
Herrscher of Origin
66%
Herrscher of Flamescion
63%
Elysia Miss Pink Elf
63%
Herrscher of Rebirth
56%
Herrscher of Sentience
53%
Stygian Nymph
50%
Valkyrie Ranger
47%
Knight Moonbeam
41%
Starchasm Nyx
41%
Bronya Zaychik Valkyrie Chariot
38%
Void Drifter
38%
Lightning Empress
34%
Valkyrie Bladestrike
34%
Liliya Olenyeva Blueberry Blitz
31%
Divine Prayer
31%
Sirin Magical Girl
31%
Seele Vollerei Swallowtail Phantasm
31%
Black Nucleus
28%
Rozaliya Olenyeva Molotov Cherry
28%
Silverwing N-EX
28%
Argent Knight: Artemis
25%
Azure Empyrea
25%
Eden Golden Diva
25%
Valkyrie Pledge
25%
Wolf's Dawn
25%
Raiden Mei Crimson Impulse
22%
Durandal Dea Anchora
22%
Phoenix
22%
Shadow Dash
22%
Sixth Serenade
22%
Striker Fulminata
22%
Yamabuki Armor
22%
Bright Knight: Excelsis
19%
Dimension Breaker
19%
Gyakushinn Miko
19%
Haxxor Bunny
19%
Vill V Helical Contraption
19%
Sushang Jade Knight
19%
Natasha Ciorara Midnight Absinthe
19%
Ritual Imayoh
19%
Shadow Knight
19%
Rita Rosseweisse Spina Astera
19%
Kallen Kaslana Sundenjager
19%
Valkyrie Gloria
19%
Murata Himeko Valkyrie Triumph
19%
Vermilion Knight
19%
Danzai Spectramancer
16%
Yae Sakura Darkbolt Jonin
16%
Hare Dreamweaver
16%
Fallen Rosemary
16%
Fenghuang of Vicissitude
16%
Flame Sakitama
16%
Mobius Infinite Ouroboros
16%
Lunar Vow:Crimson Love
16%
Fischl Prinzessin der Verurteilung
16%
Snowy Sniper
16%
Kira Sugary Starburst
16%
Blood Rose
13%
Celestial Hymn
13%
AI Chrono Navi
13%
Aponia Disciplinary Perdition
13%
Fervent Tempo
13%
Fiery Wishing Star
13%
Palatinus Equinox
13%
Phantom Iron
13%
Starlit Astrologos
13%
Carole Sweet n Spicy
13%
Umbral Rose
13%
Fu Hua Valkyrie Accipiter
13%
Susannah Valkyrie Quicksand
13%
Violet Executer
13%
Battle Storm
9%
Asuka Blazing Hope
9%
Cosmic Impression
9%
Goushinnso Memento
9%
Hawk of the Fog
9%
Pardofelis Reverist Calico
9%
Sakuno Rondo
9%
Scarlet Fusion
9%
Griseo Starry Impression
9%
Twilight Paladin
9%
Drive Kometa
6%
Kriegsmesser
6%
Theresa Apocolypse Luna Kindred
6%
Night Squire
6%
Prometheus Terminal Aide 0017
6%
Reign Solaris
3%
Schicksal's Imperitive
3%
No matching quizzes found
Score Distribution
Percent of People with Each Score
Percentile by Number Answered
Your Score History
You have not taken this quiz since the last reset